| 000 | 00414nam a22001337a 4500 | ||
|---|---|---|---|
| 008 | 140126b xxu||||| |||| 00| 0 eng d | ||
| 082 |
_212 ed. _a346.07 KUC |
||
| 100 | _aM C KUCHHAL AND VIVEK KUCHHAL | ||
| 245 |
_aMERCANTILE LAW _c VIVEK KUCHHAL AND M C KUCHHAL |
||
| 250 | _a8TH ED. | ||
| 260 |
_aINDIA _bVISKAS PUBLISHING HOUSE PVT LTD. _c2013 |
||
| 300 |
_axxix,690 P. _bincludes an index. _c21cm |
||
| 942 |
_2ddc _cBK |
||
| 999 |
_c5839 _d5839 |
||